Supervision in school psychology: The developmental, ecological, problem-solving model (Record no. 7324)
[ view plain ]
| 000 -LEADER | |
|---|---|
| fixed length control field | 00545nam a2200181Ia 4500 |
| 008 - FIXED-LENGTH DATA ELEMENTS--GENERAL INFORMATION | |
| fixed length control field | 230917s9999||||xx |||||||||||||| ||und|| |
| 020 ## - ISBN | |
| Price | GBP 46.99 (RS 4687.72) |
| 040 ## - CATALOGING SOURCE | |
| -- | 5014443 |
| Original cataloging agency | VIVEKANANDA LIBRARY |
| 041 ## - Language | |
| -- | English |
| 082 ## - DDC NUMBER | |
| Classification number | 370.15 S53S(2) |
| 100 ## - MAIN ENTRY--PERSONAL NAME | |
| Personal name | Simon, Dennis J |
| 245 #0 - TITLE STATEMENT | |
| Title | Supervision in school psychology: The developmental, ecological, problem-solving model |
| 250 ## - EDITION STATEMENT | |
| Edition statement | 2nd ed. |
| 260 ## - PUBLICATION, DISTRIBUTION, ETC. (IMPRINT) | |
| Place of publication, distribution, etc | London |
| Name of publisher, distributor, etc | Routladge |
| Date of publication, distribution, etc | 2023 |
| 300 ## - PHYSICAL DESCRIPTION | |
| Pages | xxvii, 559 p. |
| 500 ## - GENERAL NOTE | |
| General note | 4815 19/12/2022 JPH22/00075 23/12/2022 Main Budget |
| 942 ## - ADDED ENTRY ELEMENTS (KOHA) | |
| Koha item type | Books |
| Withdrawn status | Lost status | Damaged status | Not for loan | Location (home branch) | Sublocation or collection (holding branch) | Date acquired | Koha issues (times borrowed) | Koha full call number | Accession No. | Koha date last seen | Koha item type |
|---|---|---|---|---|---|---|---|---|---|---|---|
| VIVEKANANDA LIBRARY | VIVEKANANDA LIBRARY | 09/01/2023 | 2 | 370.15 S53S(2) | 405946 | 06/11/2023 | Books |
